| 000 | 00544nam a2200205Ia 4500 | ||
|---|---|---|---|
| 005 | 20240429144800.0 | ||
| 008 | 131103s9999 xx 000 0 und d | ||
| 020 |
_a8172732686 _cRs 400.00 |
||
| 040 | _aLoreto College | ||
| 041 | _aEnglish | ||
| 082 |
_a371.33 _bSAG |
||
| 100 | _aSagar, Krishna | ||
| 245 |
_aDigital Technology in Education _cKrishna Sagar |
||
| 260 |
_aDelhi _bAuthorspress _c2005 |
||
| 300 | _av. | ||
| 504 | _aIncludes bibliographical references and index | ||
| 650 | _aEducation | ||
| 850 | _aLCBED | ||
| 942 | _cBK | ||
| 999 |
_c37300 _d87779 |
||